000 00271nam a22001217a 4500
008 171208b xxu||||| |||| 00| 0 eng d
041 _aeng
080 _a621
100 _a26
101 _aINXH
245 _aNATIONAL ELECTRICAL CODE 1981
_cOSBORN, R.W
942 _2udc
_cBK
999 _c38832
_d38832